LEADER 00933nam0-2200325---450- 001 990008179950403321 005 20050907093858.0 010 $a88-464-4871-5 035 $a000817995 035 $aFED01000817995 035 $a(Aleph)000817995FED01 035 $a000817995 100 $a20050907d2004----km-y0itay50------ba 101 0 $aita 102 $aIT 105 $ay---n----00yy 200 1 $a<>project financing negli enti locali$fa cura di Marcella Mulazzani 210 $aMilano$cF. Angeli$d[2004] 215 $aXII, 215 p.$d23 cm 225 1 $aCollana di studi economico-aziendali Alberto Riparbelli 676 $a658.1524$v19$zita 676 $a336.014$v21$zita 702 1$aMulazzani,$bMarcella 801 0$aIT$bUNINA$gRICA$2UNIMARC 901 $aBK 912 $a990008179950403321 952 $aVI G 972$bs.i.$fDDA 959 $aDDA 996 $aProject financing negli enti locali$958771 997 $aUNINA LEADER 00990nam--2200349---450 001 990005862560203316 005 20201119111139.0 010 $a978-88-430-6761-9 035 $a000586256 035 $aUSA01000586256 035 $a(ALEPH)000586256USA01 035 $a000586256 100 $a20130625d2013----km-y0itay50------ba 101 0 $aita 102 $aIT 105 $aa|||||||001yy 200 1 $a<> germani$egenesi di una cultura europea$fMarco Battaglia 210 $aRoma$cCarocci$d2013 215 $a399 p.$cill.$d24 cm 225 2 $aManuali universitari$v139 410 0$aManuali universitari$v139 606 0 $aPopoli germanici$xStoria$2BNCF 676 $a940.043 700 1$aBATTAGLIA,$bMarco$f<1960- >$0267735 801 0$aIT$bsalbc$gISBD 912 $a990005862560203316 951 $aX.1.B. 1507$b240915 G.$cX.1.$d00341600 951 $aX.1.B. 1507a$b10349 L.G.$cX.1.$d358748 959 $aBK 969 $aUMA 996 $aGermani$9261524 997 $aUNISA